000 00581nmm a2200181Ia 4500
008 251105s9999||||xx |||||||||||||||||und||
041 _aspa
100 _aHolcombe, Charles
245 0 _aUna historia de Asia oriental :
_b De los orígenes de la civilización al siglo XXI
264 _a[México D.C., Mexico] :
_bFondo de Cultura Económica,
_c2016
300 _a544 páginas
490 _aHistoria
650 _aHistory of Asia
700 _aHolcombe, Charles
700 1 _a López Gómez, Arturo
856 _uhttps://public.digitaliapublishing.com/a/65112
942 _cCF
999 _c66942
_d66942